Statistiques concernant Booba ou Baudelaire?

Cliquez ici pour prendre le quiz!

Statistiques générales

  • Ce quiz a été pris 3 473 fois
  • Le résultat moyen est 12 sur 15

Statistiques - réponses

QuestionRéponse% Correct
« Quand la terre est changée en un cachot humide, où l'espérance, comme une chauve-souris, s'en va battant les murs de son aile timide. »Baudelaire
96%
« Comment ne pas être un pitbull quand la vie est une chienne ? »Booba
96%
« Des fois j’me dope comme un coureur cycliste. Quand se réveillent mes cicatrices, j’me sens si seul et si triste. »Booba
93%
« Que les soleils sont beaux dans les chaudes soirées !»Baudelaire
92%
« L’orage rajeunit les fleurs. »Baudelaire
92%
« Tout le monde peut s’en sortir, aucune cité n’a de barreaux. »Booba
90%
« Quand mon heure sonnera, personne ne me sauvera. Prends ce que t’as à prendre car personne te le donnera. »Booba
90%
« J'veux aller plus haut qu'le sommet de la montagne, là où il n'y a plus de vent. »Booba
85%
« Ne fais pas trop de bien ou tu seras cloué sur une croix. »Booba
85%
« Le résultat d’une blanche et d’un nègre, un coup d’hanche et c’est le ravin, fais pas ton nid sur la branche d’un aigle. »Booba
83%
« Faut-il partir ? Rester ? Si tu peux rester, reste ; Pars, s'il le faut. »Baudelaire
77%
« Là, tout n’est qu’ordre et beauté, Luxe, calme et volupté. »Baudelaire
77%
« Aimer une femme intelligente est un plaisir de pédéraste. »Baudelaire
74%
« Souviens-toi que le Temps est un joueur avide qui gagne sans tricher, à tout coup! c'est la loi. »Baudelaire
71%
« Je ne manque de rien, je ne manque que de temps. »Booba
40%

Distribution des résultats

Percentile par nombre de réponses

% des personnes avec chaque résultat

Votre développement - résultats

Vous n’avez pas pris ce quiz